Sala temática : (Record no. 1425)

MARC details
000 -LÍDER
Campo Fixo de Controle 01130nam a2200277 a 4500
001 - NÚMERO DE CONTROLE
Campo de Controle 1425
003 - IDENTIFICAÇÃO DO NÚMERO DE CONTROLE
Campo de Controle BR-CuiBMT
005 - DATA E HORA DA ÚLTIMA ATUALIZAÇÃO
Campo de Controle 20231207234226.0
008 - DADOS FIXOS
Dados Fixos 231207s2016 mgb 100 0 por d
020 ## - INTERNATIONAL STANDARD BOOK NUMBER
Nº do ISBN 9788568149164
040 ## - AGÊNCIA CATALOGADORA
Código da Agência Catalogadora BR-CuiBMT
Agência que transcreveu o registro BR-CuiBMT
080 ## - Nº DA CLASSIFICAÇÃO DECIMAL UNIVERSAL
Nº Class. CDU 35.078.3:37
Subd. Auxiliar Comum (062)
Nº edição CDU 2007
090 ## - NÚMERO DE CHAMADA
Nº classificação 35.078.3:37(062)
Cutter C749s
111 1# - ENTRADA PRINCIPAL -- EVENTO
Nome do evento ou lugar Congresso Internacional de Controle e Políticas Públicas
Número da parte/seção do evento (1. :
Data da realização do evento 2015 :
Local de realização do evento Belo Horizonte, MG)
245 10 - TÍTULO PRINCIPAL
Título principal Sala temática :
Subtítulo Educação ; [Anais do] I Congresso Internacional de controle de políticas públicas ; 06 a 08 de outubro de 2015, Belo Horizonte, MG /
Indicação de responsabilidade [realização] Instituto Rui Barbosa ; [autores Cristina Andrade Melo ... et al.].
260 ## - PUBLICAÇÃO, DISTRIBUIÇÃO, ETC.
Local de publicação Belo Horizonte :
Editora TCE-MG,
Data 2016.
300 ## - DESCRIÇÃO FÍSICA
N. páginas ou volumes 46 p. ;
Dimensões 24 cm
650 ## - ASSUNTO TÓPICO
Cabeçalho tópico ou nome geográfico Controle interno
Subdivisão de forma Congressos
650 ## - ASSUNTO TÓPICO
Cabeçalho tópico ou nome geográfico Políticas públicas
Subdivisão de forma Congressos
650 ## - ASSUNTO TÓPICO
Cabeçalho tópico ou nome geográfico Educação
Subdivisão de forma Congressos
650 ## - ASSUNTO TÓPICO
Cabeçalho tópico ou nome geográfico Tribunal de Contas
Subdivisão de forma Congressos
700 1# - ENTRADA SECUNDÁRIA -- NOME PESSOAL
Nome pessoal Melo, Cristina Andrade
Cód. do termo explicativo et al.
-- autores
710 2# - ENTRADA SECUNDÁRIA -- ENTIDADE
Nome da entidade ou lugar Instituto Rui Barbosa
710 1# - ENTRADA SECUNDÁRIA -- ENTIDADE
Nome da entidade ou lugar Minas Gerais.
Unidade subordinada Tribunal de Contas do Estado.
942 ## - ELEMENTOS DE ENTRADA ADICIONAIS (KOHA)
Fonte de classificação ou esquema de arquivamento Classificação Decimal Universal
Tipo de item do Koha Livros
Holdings
Estado: removido Estado: perdido Fonte de classificação ou esquema de arquivamento Estado: danificado Indisponível para empréstimo Localização permanente Localização atual Data de aquisição Total Checkouts Número de Chamada completo Código de barras Date last seen Número do exemplar Preço efetivo a partir de Tipo de item (Koha)
    Classificação Decimal Universal     Biblioteca da Escola Superior de Contas do TCE/MT Biblioteca da Escola Superior de Contas do TCE/MT 07/12/2023   35.078.3:37(062) BIBTCEMT23120313 07/12/2023 Ex. 1 07/12/2023 Livros

Powered by Koha